Best Players to Ever Wear a Mavericks Jersey - Statistics

General Stats
  • This quiz has been taken 3 times
  • The average score is 6 of 20
Answer Stats
Hint Answer % Correct
7. Luka Doncic
100%
5. Anthony Davis
67%
1. Dirk Nowitzki
67%
2. Jason Kidd
67%
6. Kyrie Irving
67%
17. DeAndre Jordan
33%
4. Dennis Rodman
33%
8. Rajon Rondo
33%
11. Shawn Marion
33%
3. Steve Nash
33%
15. Tyson Chandler
33%
9. Vince Carter
33%
12. Alex English
0%
13. Amar'e Stoudemire
0%
19. Antoine Walker
0%
20. Detlef Schrempf
0%
16. Jalen Brunson
0%
18. Kemba Walker
0%
10. Klay Thompson
0%
14. Tim Hardaway
0%
No matching quizzes found
Score Distribution
Percent of People with Each Score
Percentile by Number Answered
Your Score History
You have not taken this quiz